000 00587nam a2200205Ia 4500
003 GCL
008 140319s9999 xx 000 0 ara d
020 _a6401702977
040 _aGCL /
_cGCL
082 0 4 _a810.8
_bم ق
100 1 _aمصطفى محمود
245 1 0 _aالقران كائن حى /
_cمصطفى محمود
260 _aالقاهرة :
_bدار المعارف ،
_c1993
300 _a139 ص ؛
_c18 سم
490 _a
650 0 4 _aالاسلام والعلم
650 0 4 _aالاسلام والطب
650 0 4 _aالقران - اعجاز
942 _2ddc
_cBK
999 _c54147
_d54147